Normal view
MARC view
Entry Corporate Name
001 - CONTROL NUMBER
- control field: 5881
003 - CONTROL NUMBER IDENTIFIER
- control field: OSt
005 - DATE AND TIME OF LATEST TRANSACTION
- control field: 20120106150224.0
008 - FIXED-LENGTH DATA ELEMENTS
- fixed length control field: 120106|||a|||||| | ||| d
040 ## - CATALOGING SOURCE
- Original cataloging agency: OSt
- Transcribing agency: OSt
110 ## - HEADING--CORPORATE NAME
- Corporate name or jurisdiction name as entry element: University of East Arica Tanzania.
- Subordinate unit: Faculty of Law.
670 ## - SOURCE DATA FOUND
- Source citation: Work cat.: (OSt): Eastern Africa Law Review, Vol.2. 1969 /, [1965]-
